Statistieken voor Moderne landen van het Romeinse Rijk

Klik hier om de quiz te nemen!

Algemene statistieken

  • Deze quiz is 17 keer genomen
  • De gemiddelde score is 48 van 50

Antwoorden op de kaart

Antwoorden kleurgecodeerd door een groen-rode schaal op de quizkaart volgens % correct hieronder.
 

Antwoordstatistieken

Land% Correct
Algerije
100%
Andorra
100%
België
100%
Bosnië en Herzegovina
100%
Duitsland
100%
Egypte
100%
Frankrijk
100%
Griekenland
100%
Israël
100%
Italië
100%
Kroatië
100%
Marokko
100%
Montenegro
100%
Nederland
100%
Noord-Macedonië
100%
Oekraïne
100%
Oostenrijk
100%
Portugal
100%
Rusland
100%
Servië
100%
Spanje
100%
Tunesië
100%
Turkije
100%
Vaticaanstad
100%
Verenigd Koninkrijk
100%
Zwitserland
100%
Albanië
93%
Armenië
93%
Bulgarije
93%
Cyprus
93%
Georgië
93%
Hongarije
93%
Irak
93%
Iran
93%
Jordanië
93%
Kosovo
93%
Libië
93%
Liechtenstein
93%
Luxemburg
93%
Malta
93%
Monaco
93%
Roemenië
93%
San Marino
93%
Saoedi-Arabië
93%
Slovenië
93%
Syrië
93%
Azerbeidzjan
86%
Libanon
86%
Slowakije
86%
Koeweit
79%

Scoreverdeling

Percentiel versus Aantal Correcte Antwoorden

Procent van Mensen met Elke Score

Uw Scoregeschiedenis

U heeft deze quiz nog niet genomen